Online
Catalog

Literatura e ideología en Brasil : (Record no. 7884)

MARC details
000 -CABECERA
campo de control de longitud fija 00973cam a2200253 a 4500
001 - NÚMERO DE CONTROL
campo de control 000008107
005 - FECHA Y HORA DE LA ÚLTIMA TRANSACCIÓN
campo de control 20200929154433.0
008 - DATOS DE LONGITUD FIJA--INFORMACIÓN GENERAL
campo de control de longitud fija 880808s1987 cu b f000 0 spa c
040 ## - FUENTE DE LA CATALOGACIÓN
Centro catalogador/agencia de origen DO-SdBNP
Centro/agencia transcriptor CtY
Centro/agencia modificador DLC
042 ## - CÓDIGO DE AUTENTICACIÓN
Código de autenticación lcnccp
082 ## - NÚMERO DE LA CLASIFICACIÓN DECIMAL DEWEY
Número de clasificación B869.09
Número de documento/Ítem C871l
100 1# - ENTRADA PRINCIPAL--NOMBRE DE PERSONA
Nombre de persona Coutinho, Carlos Nelson,
Fechas asociadas al nombre 1943-
9 (RLIN) 22015
245 10 - MENCIÓN DE TÍTULO
Título Literatura e ideología en Brasil :
Resto del título tres ensayos de crítica marxista /
Mención de responsabilidad, etc. Carlos Nelson Coutinho ; edición de César Ramos ; traducción de Julia Calzadilla.
260 ## - PUBLICACIÓN, DISTRIBUCIÓN, ETC.
Lugar de publicación, distribución, etc. La Habana :
Nombre del editor, distribuidor, etc. Casa de las Américas,
Fecha de publicación, distribución, etc. 1987.
300 ## - DESCRIPCIÓN FÍSICA
Extensión 117 p. ;
Dimensiones 23 cm.
490 1# - MENCIÓN DE SERIE
Mención de serie Cuadernos Casa
Designación de volumen o secuencia 32
504 ## - NOTA DE BIBLIOGRAFÍA, ETC.
Nota de bibliografía, etc. Incluye referencias bibliográficas y notas al pie de las páginas
650 #4 - PUNTO DE ACCESO ADICIONAL DE MATERIA--TÉRMINO DE MATERIA
Término de materia o nombre geográfico como elemento de entrada Literatura brazileña
Subdivisión general Historia y crítica
9 (RLIN) 22016
650 #4 - PUNTO DE ACCESO ADICIONAL DE MATERIA--TÉRMINO DE MATERIA
Término de materia o nombre geográfico como elemento de entrada Ensayos brazileños
9 (RLIN) 22017
700 1# - PUNTO DE ACCESO ADICIONAL--NOMBRE DE PERSONA
Nombre de persona Ramos, César,
Término indicativo de función/relación ed.
9 (RLIN) 13341
700 1# - PUNTO DE ACCESO ADICIONAL--NOMBRE DE PERSONA
Nombre de persona Calzadilla, Julia,
Término indicativo de función/relación tr.
9 (RLIN) 22018
830 #0 - PUNTO DE ACCESO ADICIONAL DE SERIE-TÍTULO UNIFORME
Título uniforme Cuadernos Casa ;
Designación de volumen o secuencia 32
9 (RLIN) 3339
910 ## - DATOS DE OPCIÓN DEL USUARIO (OCLC)
Datos de opción del usuario Catalogación por copia / LC
Holdings
Estado de retiro Estado de pérdida Restricciones de uso No para préstamo Código de colección Localización permanente Ubicación/localización actual Ubicación en estantería Fecha de adquisición Número de inventario Total de préstamos Signatura topográfica completa Código de barras Fecha visto por última vez Precio válido a partir de Tipo de ítem Koha
    Préstamo interno   Monografías: Libros y Folletos General General En catalogación 14.09.2009 LF1   B869.09 C871l 8107-10 25.06.2020 25.06.2020 Préstamo interno

Powered by Koha